[Event "Sao Paulo Pascoa op"]
[Site "Sao Paulo"]
[Date "2024.03.30"]
[Round "4"]
[White "Damasio, Fabio Ferreira"]
[Black "Inaoka, Felipe Kazuichi Bor"]
[Result "0-1"]
[WhiteElo "1570"]
[BlackElo "1800"]
[PlyCount "64"]
[EventDate "2024.03.29"]
[EventType "swiss"]
[EventRounds "6"]
[EventCountry "BRA"]
[SourceTitle "CBM 219 Extra"]
[Source "ChessBase"]
[SourceDate "2024.05.31"]
[SourceVersion "1"]
[SourceVersionDate "2024.05.31"]
[SourceQuality "1"]

1. e4 c5 2. Nc3 d6 3. g3 Nf6 4. Bg2 e5 5. d3 h6 6. f4 Nc6 7. Nf3 Bg4 8. f5 d5 9. h3 dxe4 10. hxg4 exf3 11. Bxf3 Nd4 12. Bxb7 Rb8 13. Bg2 Nh7 14. Ne4 Be7 15. c3 Nc6 16. Nxc5 Bxc5 17. Bxc6+ Ke7 18. Qc2 Qb6 19. Bd5 Rhd8 20. Bc4 Be3 21. Bb3 Bxc1 22. Rxc1 Qe3+ 23. Kf1 Qf3+ 24. Kg1 Qxg3+ 25. Qg2 Qe3+ 26. Kh2 Ng5 27. Rhf1 Rxd3 28. Rcd1 Rbd8 29. Rxd3 Rxd3 30. Rd1 Nf3+ 31. Kh1 Rxd1+ 32. Bxd1 Qe1+ 0-1

[Event "Sao Paulo Pascoa op"]
[Site "Sao Paulo"]
[Date "2024.03.29"]
[Round "1"]
[White "Cardia, Luis Gustavo Ribeir"]
[Black "Damasio, Fabio Ferreira"]
[Result "1-0"]
[WhiteElo "1795"]
[BlackElo "1570"]
[PlyCount "79"]
[EventDate "2024.03.29"]
[EventType "swiss"]
[EventRounds "6"]
[EventCountry "BRA"]
[SourceTitle "CBM 219 Extra"]
[Source "ChessBase"]
[SourceDate "2024.05.31"]
[SourceVersion "1"]
[SourceVersionDate "2024.05.31"]
[SourceQuality "1"]

1. e4 c5 2. c4 Nc6 3. Nc3 e6 4. g3 g6 5. Bg2 Bg7 6. Nge2 Rb8 7. 0-0 Nge7 8. d4 Nxd4 9. Nxd4 cxd4 10. Nb5 Qb6 11. Bg5 f6 12. Bc1 e5 13. a4 0-0 14. b3 a5 15. Ba3 Re8 16. Bd6 Nc6 17. c5 Qd8 18. Qc1 Bf8 19. Qc4+ Kg7 20. Bxb8 Nxb8 21. Nd6 Re6 22. Bh3 Re7 23. Rac1 Nc6 24. f4 Qc7 25. fxe5 Rxe5 26. Qf7+ Kh6 27. Qxf8+ Kh5 28. Qxf6 Qd8 29. Qxd8 Nxd8 30. Rf8 Nc6 31. Rxc8 Nb4 32. Rd1 Nc2 33. Rd2 Ne1 34. Kf2 g5 35. Kxe1 g4 36. Bg2 Re7 37. Rf8 Kg6 38. Rxd4 Kg7 39. Rf4 h5 40. Nf5+ 1-0

[Event "Sao Paulo Pascoa op"]
[Site "Sao Paulo"]
[Date "2024.03.29"]
[Round "2"]
[White "Damasio, Fabio Ferreira"]
[Black "Pacheco, Pedro Henrique"]
[Result "0-1"]
[WhiteElo "1570"]
[BlackElo "1800"]
[PlyCount "92"]
[EventDate "2024.03.29"]
[EventType "swiss"]
[EventRounds "6"]
[EventCountry "BRA"]
[SourceTitle "CBM 219 Extra"]
[Source "ChessBase"]
[SourceDate "2024.05.31"]
[SourceVersion "1"]
[SourceVersionDate "2024.05.31"]
[SourceQuality "1"]

1. e4 Nc6 2. d4 e6 3. a3 d5 4. exd5 Qxd5 5. Nf3 Nf6 6. Nc3 Qd8 7. Be2 Be7 8. 0-0 0-0 9. Be3 Nd5 10. Nxd5 exd5 11. c3 Bg4 12. h3 Bh5 13. Nh2 Bg6 14. Bd3 Qd7 15. Bxg6 fxg6 16. Qg4 Qf5 17. Qxf5 gxf5 18. f4 Rae8 19. Nf3 Bf6 20. Ne5 Bxe5 21. dxe5 g5 22. Rad1 gxf4 23. Bxf4 Nxe5 24. Rxd5 Ng6 25. Bxc7 Re2 26. Rdxf5 Rxg2+ 27. Kxg2 Nh4+ 28. Kg1 Rxf5 29. Rxf5 Nxf5 30. Kf2 Kf8 31. Kf3 Kf7 32. b4 Ne7 33. c4 a6 34. Ke4 Ke6 35. Kd4 Kd7 36. Bg3 Nf5+ 37. Kc5 Nxg3 38. Kb6 Kc8 39. a4 Ne4 40. c5 Nc3 41. a5 Nd5+ 42. Ka7 Nxb4 43. Kb6 Kb8 44. c6 Nxc6 45. h4 Ne7 46. Kc5 Kc7 0-1

[Event "Florianopolis op 10th"]
[Site "Florianopolis"]
[Date "2024.01.25"]
[Round "7"]
[White "Friedrich, Augusto Johannpeter"]
[Black "Damasio, Fabio Ferreira"]
[Result "1-0"]
[WhiteElo "1800"]
[BlackElo "1296"]
[PlyCount "69"]
[EventDate "2024.01.20"]
[EventType "swiss"]
[EventRounds "10"]
[EventCountry "BRA"]
[SourceTitle "EXT 2025"]
[Source "ChessBase"]
[SourceDate "2024.10.14"]
[SourceVersion "1"]
[SourceVersionDate "2024.10.14"]
[SourceQuality "1"]

1. e4 c5 2. Nf3 e6 3. d4 cxd4 4. Nxd4 Nc6 5. Nc3 Qc7 6. Nxc6 bxc6 7. Be2 h6 8. Be3 Nf6 9. Qd2 Be7 10. 0-0 0-0 11. f4 Bb4 12. Bd3 d5 13. e5 Ng4 14. h3 Nxe3 15. Qxe3 Bxc3 16. bxc3 Qb6 17. Qxb6 axb6 18. Rab1 b5 19. Kf2 Bd7 20. Ke3 c5 21. Bxb5 Bxb5 22. Rxb5 c4 23. a4 Ra6 24. g4 g6 25. Kd4 f5 26. exf6 Rxf6 27. Ke3 Kf7 28. a5 Kg7 29. Rb6 Rxb6 30. axb6 Rf8 31. b7 Rb8 32. Rb1 Kf6 33. Kd4 Ke7 34. Kc5 Kd7 35. Kb6 1-0

[Event "Osasco op"]
[Site "Osasco"]
[Date "2023.12.02"]
[Round "4"]
[White "Damasio, Fabio Ferreira"]
[Black "Hernandes, Gabriel Silva"]
[Result "1-0"]
[WhiteElo "1281"]
[BlackElo "1800"]
[PlyCount "89"]
[EventDate "2023.12.01"]
[EventType "swiss"]
[EventRounds "6"]
[EventCountry "BRA"]
[SourceTitle "CBM 217 Extra"]
[Source "ChessBase"]
[SourceDate "2024.01.31"]
[SourceVersion "1"]
[SourceVersionDate "2024.01.31"]
[SourceQuality "1"]

1. e4 c5 2. Nf3 e6 3. Nc3 Nc6 4. Bc4 a6 5. d3 b5 6. Bb3 Bb7 7. Be3 d6 8. a4 b4 9. Ne2 Nf6 10. 0-0 Be7 11. Nd2 0-0 12. Nc4 d5 13. exd5 Nxd5 14. Bd2 Bf6 15. Nf4 Nd4 16. Ba2 Nb6 17. Nxb6 Qxb6 18. c3 Nf5 19. Qc1 Rac8 20. Bc4 Qc6 21. f3 Rfd8 22. Re1 Nh4 23. Rf1 Nf5 24. cxb4 cxb4 25. Bxb4 Nd4 26. Qe1 Qc7 27. Qd2 Qb6 28. Kh1 Qc6 29. Bc3 e5 30. Ne2 Nf5 31. b4 h5 32. b5 axb5 33. axb5 Qc5 34. Bb4 Qe3 35. Qc2 e4 36. fxe4 Bxa1 37. Rxa1 Nd4 38. Nxd4 Qxd4 39. Bc3 Qc5 40. Qb3 Rd7 41. b6 Bxe4 42. b7 Rxb7 43. Qc2 Bxd3 44. Bxd3 Qxc3 45. Qxc3 1-0

[Event "Osasco op"]
[Site "Osasco"]
[Date "2023.12.01"]
[Round "1"]
[White "Jiang, Lucas Zirui"]
[Black "Damasio, Fabio Ferreira"]
[Result "1-0"]
[WhiteElo "1770"]
[BlackElo "1281"]
[PlyCount "45"]
[EventDate "2023.12.01"]
[EventType "swiss"]
[EventRounds "6"]
[EventCountry "BRA"]
[SourceTitle "CBM 217 Extra"]
[Source "ChessBase"]
[SourceDate "2024.01.31"]
[SourceVersion "1"]
[SourceVersionDate "2024.01.31"]
[SourceQuality "1"]

1. d4 Nf6 2. Nf3 g6 3. c4 Bg7 4. Nc3 0-0 5. h3 d6 6. Bf4 c6 7. e3 Nbd7 8. Be2 Re8 9. 0-0 b6 10. Bh2 Bb7 11. b4 c5 12. bxc5 dxc5 13. d5 e6 14. Nb5 Ne4 15. Nc7 Nc3 16. Qd2 Nxe2+ 17. Qxe2 Bxa1 18. Rxa1 exd5 19. cxd5 Bxd5 20. Nxd5 Qc8 21. Rd1 Re4 22. Ng5 Rh4 23. Ne7+ 1-0

[Event "Osasco Carvalho Memorial"]
[Site "Osasco"]
[Date "2022.02.20"]
[Round "5"]
[White "De Carvalho, Vitor Augusto Ponci"]
[Black "Damasio, Fabio Ferreira"]
[Result "1-0"]
[WhiteElo "1862"]
[BlackElo "1241"]
[PlyCount "81"]
[EventDate "2022.02.18"]
[EventType "swiss"]
[EventRounds "6"]
[EventCountry "BRA"]
[SourceTitle "CBM 207 Extra"]
[Source "ChessBase"]
[SourceDate "2022.05.31"]
[SourceVersion "1"]
[SourceVersionDate "2022.05.31"]
[SourceQuality "1"]

1. e4 e5 2. Nf3 Nc6 3. d4 exd4 4. Bc4 d6 5. Nxd4 Nxd4 6. Qxd4 Qf6 7. Qd3 Be6 8. Nc3 Bxc4 9. Qxc4 c6 10. Be3 Qe6 11. Qd3 Nf6 12. 0-0 Be7 13. Rfd1 0-0 14. a4 Rfd8 15. a5 d5 16. exd5 Nxd5 17. Nxd5 Rxd5 18. Qc3 Bf6 19. Qa3 Qd7 20. Rxd5 Qxd5 21. a6 Rd8 22. g3 b6 23. c3 Rd7 24. Bxb6 Be7 25. Qa2 Qb5 26. Be3 Bc5 27. Bxc5 Qxc5 28. Qb3 Qe5 29. c4 h6 30. Qc3 Qxc3 31. bxc3 Rd2 32. Ra5 Kf8 33. Rc5 Rd6 34. Kf1 Ke7 35. Ke2 Kd7 36. f4 Kc7 37. Re5 Kd7 38. Ra5 Kc7 39. f5 f6 40. g4 Kb6 41. c5+ 1-0

[Event "Osasco Carvalho Memorial"]
[Site "Osasco"]
[Date "2022.02.19"]
[Round "2"]
[White "De Sousa, Leonardo Henrique M"]
[Black "Damasio, Fabio Ferreira"]
[Result "0-1"]
[WhiteElo "1800"]
[BlackElo "1241"]
[PlyCount "108"]
[EventDate "2022.02.18"]
[EventType "swiss"]
[EventRounds "6"]
[EventCountry "BRA"]
[SourceTitle "CBM 207 Extra"]
[Source "ChessBase"]
[SourceDate "2022.05.31"]
[SourceVersion "1"]
[SourceVersionDate "2022.05.31"]
[SourceQuality "1"]

1. e4 e5 2. Nf3 Nc6 3. Bc4 Bc5 4. 0-0 Nf6 5. d3 0-0 6. Re1 d6 7. Nbd2 Bd7 8. c3 a6 9. Bb3 Na5 10. Bc2 Ba7 11. d4 Qe7 12. Nf1 c5 13. d5 b5 14. b4 cxb4 15. cxb4 Nc4 16. N1d2 Rac8 17. Nxc4 Rxc4 18. Bb3 Rxe4 19. Bg5 Rxe1+ 20. Qxe1 Rc8 21. Qd2 h6 22. Bh4 Bf5 23. Re1 Bb6 24. h3 Bd8 25. Nd4 Bd7 26. Bc2 Rc4 27. Nf3 Qf8 28. Bd3 Rc8 29. Bb1 Nh5 30. Bxd8 Qxd8 31. Qe2 Nf6 32. Rd1 Rc4 33. a3 Qc8 34. Qb2 Bf5 35. Bxf5 Qxf5 36. Rc1 Qc8 37. Rxc4 Qxc4 38. Qd2 Qxd5 39. Qxd5 Nxd5 40. Kf1 Nc3 41. Nd2 f5 42. f3 Kf7 43. Kf2 Ke6 44. Ke3 g5 45. Kd3 Nd5 46. g3 Nb6 47. Ke3 d5 48. Kd3 Nc4 49. Nb1 f4 50. g4 Kd6 51. Kc3 d4+ 52. Kd3 Kd5 53. Kc2 e4 54. fxe4+ Kxe4 0-1

[Event "Sao Paulo Hebraica op 28th"]
[Site "Sao Paulo"]
[Date "2022.01.14"]
[Round "1"]
[White "Mobaier, Sergio"]
[Black "Damasio, Fabio Ferreira"]
[Result "1-0"]
[WhiteElo "1860"]
[BlackElo "1239"]
[PlyCount "95"]
[EventDate "2022.01.14"]
[EventType "swiss"]
[EventRounds "6"]
[EventCountry "BRA"]
[SourceTitle "CBM 206 Extra"]
[Source "ChessBase"]
[SourceDate "2022.03.31"]
[SourceVersion "1"]
[SourceVersionDate "2022.03.31"]
[SourceQuality "1"]

1. Nf3 Nf6 2. d4 g6 3. Bf4 Bg7 4. e3 d6 5. h3 0-0 6. Be2 c5 7. c3 Nbd7 8. 0-0 b6 9. Nbd2 Bb7 10. a4 a5 11. Qb3 Ba6 12. Bxa6 Rxa6 13. Qb5 Ra8 14. Qe2 Nh5 15. Bh2 f5 16. Ng5 Qc8 17. Qc4+ Kh8 18. Nf7+ Rxf7 19. Qxf7 Qe8 20. Qb3 e5 21. dxe5 Bxe5 22. Bxe5+ Qxe5 23. Nf3 Qe7 24. Rad1 Nhf6 25. c4 Ne4 26. Nd2 Ng5 27. Nb1 Nf7 28. Nc3 Rb8 29. Nd5 Qd8 30. Rfe1 Nde5 31. Qc3 Kg8 32. e4 fxe4 33. Rxe4 Ng5 34. Re3 Ne6 35. f4 Nxf4 36. Nxf4 Qf6 37. Nd5 Qg5 38. Rf1 Rb7 39. Nf6+ Kg7 40. Ne4 Qd8 41. Nxd6 Qxd6 42. Qxe5+ Qxe5 43. Rxe5 Rd7 44. Rd5 Re7 45. Rfd1 Re2 46. b3 Rb2 47. R1d3 Rb1+ 48. Kh2 1-0

[Event "Sao Paulo Carnaval op"]
[Site "Sao Paulo"]
[Date "2020.02.22"]
[Round "2"]
[White "Damasio, Fabio Ferreira"]
[Black "Rocha, Anderson Rosendo"]
[Result "0-1"]
[WhiteElo "1259"]
[BlackElo "1655"]
[PlyCount "106"]
[EventDate "2020.02.22"]
[EventType "swiss"]
[EventRounds "7"]
[EventCountry "BRA"]
[SourceTitle "CBM 195 Extra"]
[Source "ChessBase"]
[SourceDate "2020.05.31"]
[SourceVersion "1"]
[SourceVersionDate "2020.05.31"]
[SourceQuality "1"]

1. e4 c5 2. Nf3 d6 3. d4 cxd4 4. Nxd4 Nf6 5. Nc3 Nbd7 6. Be2 a6 7. 0-0 e6 8. Bf3 Be7 9. Be3 0-0 10. a3 Qc7 11. Qd2 Rb8 12. b4 b5 13. Be2 Bb7 14. Bd3 Rfc8 15. Nce2 Bxe4 16. Bxe4 Nxe4 17. Qd3 Nef6 18. Rfc1 Ne5 19. Qd1 Nd5 20. Bd2 Nc4 21. Ra2 Bf6 22. c3 Ne5 23. h3 Qc4 24. Rac2 Nd3 25. Ng3 Bxd4 26. cxd4 Qxd4 27. Be3 Nxe3 28. fxe3 Qxe3+ 29. Kh2 Ne5 30. Qxd6 Rxc2 31. Rxc2 Qd3 32. Qc7 Nc4 33. Rc1 Qxa3 34. Rd1 Qxb4 35. Rd8+ Rxd8 36. Qxd8+ Qf8 37. Qg5 Qd6 38. Kg1 h6 39. Qg4 Ne3 40. Qf3 Qd1+ 41. Kf2 Qxf3+ 42. Kxf3 Nc4 43. Ke4 b4 44. Ne2 b3 45. Kd3 b2 46. Nc3 Na3 47. Kd4 b1Q 48. Nxb1 Nxb1 49. Kc5 e5 50. g4 a5 51. Kc4 a4 52. Kb4 e4 53. Kxa4 e3 0-1

[Event "Osasco Terzian Memorial"]
[Site "Osasco"]
[Date "2019.12.06"]
[Round "2"]
[White "Damasio, Fabio Ferreira"]
[Black "De Carvalho, Vitor Augusto Ponci"]
[Result "1-0"]
[WhiteElo "1255"]
[BlackElo "1299"]
[PlyCount "99"]
[EventDate "2019.12.06"]
[EventType "swiss"]
[EventRounds "6"]
[EventCountry "BRA"]
[SourceTitle "CBM 193 Extra"]
[Source "ChessBase"]
[SourceDate "2020.01.31"]
[SourceVersion "1"]
[SourceVersionDate "2020.01.31"]
[SourceQuality "1"]

1. e4 d6 2. d4 Nf6 3. Nc3 g6 4. Nf3 Bg4 5. Bc4 Bg7 6. Be3 c6 7. Be2 0-0 8. h3 Bxf3 9. Bxf3 Nbd7 10. 0-0 Qc7 11. Qe2 e5 12. d5 Rfd8 13. Rad1 Nb6 14. h4 h5 15. Bg5 Rac8 16. Rd3 Rd7 17. b3 a6 18. Rc1 cxd5 19. Bxf6 Bxf6 20. Nxd5 Nxd5 21. exd5 Bxh4 22. c4 Bf6 23. Be4 b5 24. Rg3 Bg7 25. Rcc3 bxc4 26. bxc4 Re7 27. Bxg6 fxg6 28. Rxg6 Rf8 29. Qxh5 Rf6 30. Rxf6 Bxf6 31. Qg6+ Bg7 32. c5 Rd7 33. Qe8+ Bf8 34. Qe6+ Rf7 35. c6 Qe7 36. Rg3+ Bg7 37. Rg6 Qxe6 38. Rxe6 Rc7 39. Rxd6 Bf8 40. Rd8 Kf7 41. Ra8 Ke7 42. Rxa6 Kd6 43. Ra5 e4 44. Kf1 Rf7 45. Ke2 Bh6 46. a4 Rf5 47. Rb5 Bf4 48. g3 Bg5 49. a5 Bd8 50. a6 1-0

[Event "Sao Paulo op-C U1700 8th"]
[Site "Sao Paulo"]
[Date "2019.10.19"]
[Round "3"]
[White "Damasio, Fabio Ferreira"]
[Black "Carvalho, Isis"]
[Result "0-1"]
[WhiteElo "1266"]
[BlackElo "1562"]
[PlyCount "60"]
[EventDate "2019.10.17"]
[EventType "swiss"]
[EventRounds "6"]
[EventCountry "BRA"]
[SourceTitle "CBM 192 Extra"]
[Source "Chessbase"]
[SourceDate "2019.11.06"]
[SourceVersion "1"]
[SourceVersionDate "2019.11.06"]
[SourceQuality "1"]

1. e4 d6 2. d4 Nf6 3. Nc3 g6 4. Nf3 Bg7 5. Be2 0-0 6. 0-0 c6 7. Be3 Nbd7 8. Qd2 Qc7 9. Ne1 e5 10. dxe5 Nxe5 11. f3 Be6 12. b3 Rad8 13. Nd3 d5 14. exd5 Nxd5 15. Nxd5 Rxd5 16. Rad1 Bf5 17. Qc1 Re8 18. Nxe5 Bxe5 19. f4 Rxd1 20. Rxd1 Bd6 21. Bd3 Bg4 22. Re1 Bxf4 23. g3 Bxg3 24. Bf4 Rxe1+ 25. Qxe1 Bxf4 26. Qe8+ Kg7 27. Qe1 Bxh2+ 28. Kg2 Qf4 29. Qf2 Bh3+ 30. Kxh3 Qxf2 0-1

[Event "Sao Paulo Schutt Cup"]
[Site "Sao Paulo"]
[Date "2019.09.13"]
[Round "2"]
[White "Jafet Junior, Carlos"]
[Black "Damasio, Fabio Ferreira"]
[Result "1-0"]
[WhiteElo "1614"]
[BlackElo "1288"]
[PlyCount "71"]
[EventDate "2019.09.13"]
[EventType "swiss"]
[EventRounds "6"]
[EventCountry "BRA"]
[SourceTitle "EXT 2020"]
[Source "ChessBase"]
[SourceDate "2019.10.17"]
[SourceVersion "1"]
[SourceVersionDate "2019.10.17"]
[SourceQuality "1"]

1. e4 c6 2. d4 d5 3. e5 Bf5 4. Ne2 e6 5. Ng3 Bg6 6. h4 h6 7. h5 Bh7 8. Bd3 Bxd3 9. cxd3 Nd7 10. 0-0 c5 11. Be3 Be7 12. Nd2 Bg5 13. Nf3 Bxe3 14. fxe3 cxd4 15. exd4 Ne7 16. Nh2 0-0 17. Ng4 Nc6 18. Rf4 f6 19. Qf3 fxe5 20. Rxf8+ Qxf8 21. Nxh6+ gxh6 22. Qg4+ Qg7 23. Qxe6+ Qf7 24. Qxh6 Rf8 25. Rf1 Qg7 26. Qe6+ Rf7 27. Nf5 Nf8 28. Nh6+ Kh7 29. Qxf7 Kxh6 30. Qxf8 Qxf8 31. Rxf8 Nxd4 32. g4 b5 33. Kf2 a5 34. Rf6+ Kg5 35. Rg6+ Kf4 36. h6 1-0